| 000 | 00982cam a2200277 4500 | ||
|---|---|---|---|
| 001 | 2683438 | ||
| 003 | ARRUPE | ||
| 005 | 20160127114827.0 | ||
| 008 | 780218s1891 enkabch 000 0 eng | ||
| 010 | _a 26004746 | ||
| 035 | _a(OCoLC)ocm03649012 | ||
| 035 | _a(NNC)2683438 | ||
| 040 |
_aDLC _cTLM _dSER _dZCU |
||
| 050 | 0 |
_aG660 _b.M3 1891 |
|
| 099 |
_a998 _aF8544 |
||
| 100 | 1 |
_aMarkham, Albert Hastings, _cSir, _d1841-1918. _921847 |
|
| 245 | 1 | 0 |
_aLife of Sir John Franklin and the North-west Passage. _cBy Captain Albert Hastings Markham ... |
| 260 |
_aLondon [etc.] _bG. Philip & Sons, _c1891. |
||
| 300 |
_axii, 324 p. incl. illus., pl., ports., maps (part fold.) facsim. _bfront. (port.) _c19 cm. |
||
| 490 | 1 |
_aThe world's great explorers and explorations. _v[5] |
|
| 600 | 1 | 0 |
_aFranklin, John, _d1786-1847. _921848 |
| 651 | 0 |
_aNorthwest Passage. _921849 |
|
| 830 | 0 |
_aWorld's great explorers and explorations ; _vno. 5. _921850 |
|
| 942 |
_2lcc _cSPC |
||
| 999 |
_c124053 _d124053 |
||